JAKI TO FAST FOOD QUIZ (DLA KOLEGI IGNACEGO) - Statystyki

Ogólne statystyki
  • Ten quiz został rozwiązany 1 842 razy
  • Średni wynik to 7 z 9
Statystyki odpowiedzi
Obrazkowy Odpowiedź % Poprawnych
Czipsy
99%
Frytki
99%
Hot dog
99%
Kebab
96%
Zapiekanka
96%
Hamburger
95%
Corn Dog
52%
Tacos
45%
Pasztecik Szczeciński
3%
Nie znaleziono quizów pasujących do podanych kryteriów
Rozkład punktacji
Procent ludzi z każdym wynikiem
Percentyl według liczby udzielonych odpowiedzi
Twoja historia wyników
Nie rozwiązałeś tego quizu